000 01203nam0a2200325 4500
001 RU\NLR\BIBL_A\022683161
005 20260406092437.0
010 _a978-5-00152-286-6
_93000
035 _a(NLR Aleph) 022683161
090 _a13507156
_c13507156
100 _a20251209d2025 u y0rusy50 ca
101 0 _arus
102 _aRU
105 _aa z 000ay
181 0 _ai
_baxxe
181 0 _ab2
_bbb2e
182 0 _an
200 1 _aЛягушки на макушке
_e[для чтения взрослыми детям]
_fЮлия Весова
_gнарисовала Инга Валеулина
203 _aТекст
_aИзображение
_bвизуальные
_cнепосредственные
210 _aМосква
_cКлевер-Медиа-Групп
_cClever
_d2025
215 _a29, [2] с.
_cцв. ил.
_d27
225 1 _aСтихи для малышей
686 0 _aШ9(2)60=Р7-5
700 1 _7ca
_8rus
_aВесова
_bЮ.
_f1985-
_gЮлия
_3RU\NLR\AUTH\770283428
_92674199
702 1 _aВалеулина
_bИ.
_gИнга
_4440
942 _cBOOK
980 _aNB